Čím skôr tým lepšie
Lákadlá pre budúcich stavebných sporiteľov - bez poplatku za uzavretie zmluvy, úrokový bonus, darček pre dieťa v zmluve, zľava 50 percent za uzavretie zmluvy online. Oplatí sa zmluvu uzatvoriť teraz, či stačí počkať do konca roka?
Na minha lista:
| Autor principal: | |
|---|---|
| Formato: | Capítulo de Livro |
| Idioma: | eslovaco |
| Assuntos: | |
| Tags: |
Sem tags, seja o primeiro a adicionar uma tag!
|
MARC
| LEADER | 00000naa a2200000 4500 | ||
|---|---|---|---|
| 001 | 0182562 | ||
| 005 | 20240502073126.0 | ||
| 041 | 0 | |a slo | |
| 044 | |a SK | ||
| 245 | 1 | 0 | |a Čím skôr tým lepšie |c Pavel Škriniar |
| 520 | |a Lákadlá pre budúcich stavebných sporiteľov - bez poplatku za uzavretie zmluvy, úrokový bonus, darček pre dieťa v zmluve, zľava 50 percent za uzavretie zmluvy online. Oplatí sa zmluvu uzatvoriť teraz, či stačí počkať do konca roka? | ||
| 610 | 2 | 0 | |a sporenie stavebné |
| 610 | 2 | 0 | |a prémie |
| 610 | 2 | 0 | |a úver stavebný |
| 610 | 2 | 0 | |a úrok |
| 610 | 2 | 0 | |a sporiteľne |
| 100 | 1 | |a Škriniar, Pavel, 1979- | |